Libro rojo de los invertebrados terrestres de Colombia (Registro nro. 6105)

Detalles MARC
000 -CABECERA
Campo de control 01000nam a2200265 a 4500
005 - FECHA Y HORA DE LA ULTIMA TRANSACCION
Campo de control 20170325020002.0
008 - ELEMENTOS DE LONGITUD FIJA—INFORMACION GENERAL
Campo de control 140128b2007 ck ||||| |||| 00| 0 spa d
020 ## - ISBN
ISBN 978958979096
041 ## - IDIOMA
Código de idioma para texto/pista de sonido o título separado Español
044 ## - PAÍS DE PUBLICACIÓN
País de publicación Colombia
082 04 - NUMERO DE CLASIFICACION DECIMAL DEWEY
Número de clasificación 592.17
Número del ítem A48i
090 ## - CLASIFICACIÓN LOCAL
Colección IAVH
Consecutivo 00772
100 1# - ASIENTO PRINCIPAL--NOMBRE PERSONAL
Nombre personal Amat-García, Germán
245 10 - MENCION DE TITULO
Título Libro rojo de los invertebrados terrestres de Colombia
260 ## - PUBLICACION, DISTRIBUCION, ETC. (PIE DE IMPRENTA)
Lugar de publicación, distribución, etc. Bogotá
Nombre del editor, distribuidor, etc. Instituto de Ciencias Naturales. Universidad Nacional de Colombia
-- Conservación Internacional Colombia
-- Instituto Alexander von Humboldt
-- Ministerio de Ambiente, Vivienda y Desarrollo Territorial
Fecha de publicación, distribución, etc. 2007
300 ## - DESCRIPCION FISICA
Extensión 216 p.
Dimensiones 22 cm.
490 ## - MENCION DE SERIE
Mención de serie Libro Rojo de Especies Amenazadas de Colombia
650 ## - ASIENTO SECUNDARIO DE MATERIA - TERMINO TEMATICO
Término temático o nombre geográfico como elemento de entrada Invertebrados
650 ## - ASIENTO SECUNDARIO DE MATERIA - TERMINO TEMATICO
Término temático o nombre geográfico como elemento de entrada Invertebrados
Subdivisión general clasificación
650 ## - ASIENTO SECUNDARIO DE MATERIA - TERMINO TEMATICO
Término temático o nombre geográfico como elemento de entrada Artrópodos
700 1# - ASIENTO SECUNDARIO - NOMBRE PERSONAL
Nombre personal Andrade-C., M. Gonzalo
700 1# - ASIENTO SECUNDARIO - NOMBRE PERSONAL
Nombre personal Amat-García, Eduardo
700 ## - ASIENTO SECUNDARIO - NOMBRE PERSONAL
Nombre personal Rodríguez-Mahecha, José Vicente
Término de relación ed.
942 ## - ELEMENTOS ADICIONALES (KOHA)
Tipo de ítem Libro
Sistema de clasificación Dewey Decimal Classification
Koha issues (borrowed), all copies 12
Existencias
Withdrawn status Lost status Sistema de Clasificación Damaged status No para préstamo Colección Inventariado Ubicación Permanente Ubicación actual Fecha de adquisición Fuente de Valor Valor Total Checkouts Total Renewals Número topográfico Inventario / Código de Barras Date last seen Date checked out Ejemplar Price effective from Forma de adquisición Tipo de material Checked out
    Dewey Decimal Classification     Humboldt   Bogotá Bogotá 31/07/2014     4   IAVH-592.17 A48i 026593 10/10/2018 10/10/2018 Ej. 1 31/07/2014 Institucional Libro 31/10/2018
    Dewey Decimal Classification     Humboldt   Bogotá Bogotá 31/07/2014     3   IAVH-592.17 A48i 026592 04/12/2018 11/10/2018 Ej. 2 31/07/2014 Institucional Libro  
    Dewey Decimal Classification     Humboldt   Bogotá Bogotá 31/07/2014     6 1 IAVH-592.17 A48i 026591 23/03/2017 23/03/2017 Ej. 3 31/07/2014 Institucional Libro  
    Dewey Decimal Classification     Humboldt Inventariado 2017 Sala Fabio Quevedo Sala Fabio Quevedo 18/07/2014 Instituto 39000.00     IAVH-592.17 A48i 026590 04/12/2012   Ej. 5 04/12/2012   Libro  
    Dewey Decimal Classification     Humboldt Inventariado 2017 Sala Fabio Quevedo Sala Fabio Quevedo 19/09/2014 Instituto 39000.00 1   IAVH-592.17 A48i 026589 24/03/2017 24/03/2017 Ej. 4 19/09/2014   Libro  
    Local     Humboldt Inventariado 2017 Villa de Leyva Villa de Leyva 28/01/2008 Instituto 39000.00 2 1 IAVH-00772 025680 29/07/2014 23/07/2014 Ej. 1 04/12/2012 Institucional Libro